Catalog

Record Details

Catalog Search



Das Deutsche Reich un der Zweite Weltkrieg. Band 3, Der Mittelmeerraum und Südosteuropa : von der "non belligeranza" Italiens bis zum Kriegseintritt der Vereinigten Staaten / von Gerhard Schreiber, Bernd Stegemann, Detlef Vogel

Record details

  • ISBN: 3-421-06097-5 (váz.)
  • Physical Description: xii, 733 s., [8] l. obr. příl. : il., mapy (některé barev.) ; 25 cm
  • Publisher: Stuttgart : Deutsche Verlags-Anstalt, 1984

Content descriptions

General Note:
"Herausgegeben vom Militärgeschichtlichen Forschungsamt"
Bibliography, etc. Note:
Obsahuje bibliografii a rejstřík

Available copies

  • 1 of 1 copy available at Common Catalog SPOK.

Holds

  • 0 current holds with 1 total copy.
Show Only Available Copies
Location Call Number / Copy Notes Barcode Shelving Location Status Due Date
Terezin Initiative Institute 678 4594300678 Knihovna ITI Available -

LDR 01557nam a22003377a 4500
00125483
003CZ-PrJAB
00520221122100539.0
008040405s1984 gw abf gr 001 0 ger
020 . ‡a3-421-06097-5 (váz.)
035 . ‡a(CONS)286
035 . ‡a(CZ PrSKC)001269509
035 . ‡a(OCoLC)11506140
040 . ‡aOCLC ‡beng ‡dABA001 ‡dABD107
080 . ‡a94(100)"1939/1945" ‡2MRF
080 . ‡a(4-12/-14) ‡2MRF
080 . ‡a(430) ‡2MRF
080 . ‡a(048.8) ‡2MRF
1001 . ‡aSchreiber, Gerhard ‡4aut
24514. ‡aDas Deutsche Reich un der Zweite Weltkrieg. ‡nBand 3, ‡pDer Mittelmeerraum und Südosteuropa : von der "non belligeranza" Italiens bis zum Kriegseintritt der Vereinigten Staaten / ‡cvon Gerhard Schreiber, Bernd Stegemann, Detlef Vogel
24633. ‡aDer Mittelmeerraum und Südosteuropa : ‡bvon der "non belligeranza" Italiens bis zum Kriegseintritt der Vereinigten Staaten
260 . ‡aStuttgart : ‡bDeutsche Verlags-Anstalt, ‡c1984
300 . ‡axii, 733 s., [8] l. obr. příl. : ‡bil., mapy (některé barev.) ; ‡c25 cm
4901 . ‡aBeiträge zur Militär- und Kriegsgeschichte
4901 . ‡aDas Deutsche Reich und der Zweite Weltkrieg ; ‡vBd. 3
500 . ‡a"Herausgegeben vom Militärgeschichtlichen Forschungsamt"
504 . ‡aObsahuje bibliografii a rejstřík
7001 . ‡aVogel, Detlef, ‡d1942- ‡7jn20040408003 ‡4aut
7001 . ‡aStegemann, Bernd, ‡d1938- ‡4aut
7101 . ‡aNěmecko. ‡bMilitärgeschichtliches Forschungsamt ‡7kn20030417004
830 0. ‡aBeiträge zur Militär- und Kriegsgeschichte
830 4. ‡aDas Deutsche Reich und der Zweite Weltkrieg
8524 . ‡bJACH-ITI ‡bJACH-ITI ‡cKnihovna ITI ‡j678 ‡p678 ‡y$0.00
910 . ‡aABE340 ‡b678
995 . ‡askok
901 . ‡a25483 ‡bUnknown ‡c25483 ‡tbiblio

Additional Resources